Представление документа в формате MARC21

Поле Инд. ПП Название Значение
Тип записи a
Библиографический уровень m
001 Контрольный номер 0d72443c1d304186901ffc63baf92e5b
005 Дата корректировки 20180228150654.9
008 Кодируемые данные 160713|||||||||ru |||||||||||||||||rus||
020 a ISBN 978-5-8475-0839-1
041 0_ a Код языка текста rus
084 a Индекс другой классификации/Индекс ББК 67.404.0
090 a Полочн. индекс 67.404
x Авторский знак В 84
245 10 a Заглавие Все о защите прав потребителей
260 a Место издания Москва
b Издательство Мартин
c Дата издания 2015
300 a Объем 157, [3] с.
500 a Примечание В сб. включены: Закон "О защите прав потребителей" ; Гражданский кодекс РФ (извлечения) ; Правила продажи отдельных видов товаров ; Формы заявлений, претензий
650 04 a Основная рубрика Закон Российской Федерации "О защите прав потребителей"-Сборники
650 04 a Основная рубрика Официальные документы-Комментарии
653 0_ a Ключевые слова Защита прав потребителей
a Ключевые слова Правила продажи товаров
a Ключевые слова Права потребителей
901 t Тип документа m